Obchodné vzťahy medzi EÚ a Ukrajinou bakalárska práca

Enregistré dans:
Détails bibliographiques
Auteur principal: Drgoň, Dominik
Collectivité auteur: Obchodná fakulta EU. Katedra medzinárodného obchodu
Autres auteurs: Bato, Vladyslav, 2000-
Format: Livre
Langue:slovaque
Publié: Bratislava 2025
Tags: Ajouter un tag
Pas de tags, Soyez le premier à ajouter un tag!

MARC

LEADER 00000nbm a2200000 4500
001 0311116
005 20251106103700.9
041 0 |a slo 
044 |a SK 
245 1 0 |a Obchodné vzťahy medzi EÚ a Ukrajinou  |b bakalárska práca  |c Dominik Drgoň ; školiteľ: Vladyslav Bato 
264 1 |a Bratislava  |c 2025 
300 |a 58 s. 
100 1 |a Drgoň, Dominik 
700 1 |a Bato, Vladyslav, 2000- 
710 2 |a Obchodná fakulta EU. Katedra medzinárodného obchodu